Scrambled Logic Puzzle Quiz Stats

 Plays Quiz not verified by Sporcle

Challenge
Share
Tweet
Score 0/20 Timer 20:00
0 Plays Today
% Correct



A1
???
100%



A2
???
52%



C2
???
51.6%



A4
???
45.7%



A3
???
37.3%



D1
???
35.4%



B1
???
33.1%



C5
???
31.6%



B5
???
27.4%



A5
???
26.6%
% Correct



C1
???
23.2%



D5
???
22.6%



C4
???
22.4%



D3
???
19.9%



B3
???
19.7%



B2
???
18.8%



C3
???
18.3%



D4
???
16.8%



B4
???
15.6%



D2
???
14.5%

You're not logged in!

Compare scores with friends on all Sporcle quizzes.
Join for Free
OR
Log In

You Might Also Like...

Show Comments

Extras

Top Quizzes Today


Score Distribution

Your Account Isn't Verified!

In order to create a playlist on Sporcle, you need to verify the email address you used during registration. Go to your Sporcle Settings to finish the process.

Report this User

Report this user for behavior that violates our Community Guidelines.

Details: